000 00432nmm a2200157Ia 4500
008 251105s9999||||xx |||||||||||||||||und||
020 _a9789580613268
041 _aspa
100 _aRavelo Crespo, David
245 0 _a¡Acúsenme!
264 _a[Bogotá, Colombia] :
_bOveja Negra,
_c2015
300 _a183 páginas
650 _aLatin American poetry
856 _uhttps://public.digitaliapublishing.com/a/39845
942 _cCF
999 _c94970
_d94970